Music Quiz

Random Music or Artist Quiz

Edible Musicians Quiz Stats

 Plays Quiz Updated Jun 26, 2018

Score 0/26 Timer 08:00
0 Plays Today
Song title Artist % Correct
Ice Ice BabyVanilla Ice
88.5%
Let's Get It StartedBlack Eyed Peas
75.1%
Under The BridgeRed Hot Chili Peppers
67.5%
WannabeSpice Girls
54.9%
Paradise By The Dashboard LightMeat Loaf
48.9%
JeremyPearl Jam
46.3%
Johnny B GoodeChuck Berry
43.8%
ZombieThe Cranberries
43.7%
Sunshine of Your LoveCream
42%
Save TonightEagle Eye Cherry
39.8%
Bullet With Butterfly WingsSmashing Pumpkins
37.5%
No RainBlind Melon
37.4%
Every MorningSugar Ray
30.4%
Song title Artist % Correct
Whatta ManSalt-n-Pepa
29.8%
Rapper's DelightSugar Hill Gang
29.5%
CriminalFiona Apple
28.7%
The DistanceCake
25.6%
You Sexy ThingHot Chocolate
23.4%
Play That Funky MusicWild Cherry
22.5%
Zoot Suit RiotCherry Poppin' Daddies
22.3%
Puttin' On The RitzTaco
16.3%
Buffalo StanceNeneh Cherry
12%
I Heard A RumourBananarama
9.8%
Shake Your Groove ThingPeaches & Herb
6.7%
Go All The WayThe Raspberries
5.7%
Into Your ArmsThe Lemonheads
4.9%

You're not logged in!

Compare scores with friends on all Sporcle quizzes.
OR
Log In

Show Comments

Extras

Top Quizzes Today


Score Distribution

Your Account Isn't Verified!

In order to create a playlist on Sporcle, you need to verify the email address you used during registration. Go to your Sporcle Settings to finish the process.

Report this User

Report this user for behavior that violates our Community Guidelines.

Details: